000 00515nam a2200205Ia 4500
003 0100
008 130303s9999 xx 000 0 und d
040 _cARRUPELIB
050 _aBF173.B825 1955
100 _aMunroe, Ruth L
245 _aSchools of Psychoanalytic Thought
245 _ban exposition, critique and attempt at integration
260 _aNew York
260 _bHolt, Rinehart & Winston
260 _C1955
300 _axvi
300 _b 670p. 26cm.
650 _aPSYCHOLOGY
942 0 0 _01
999 _c52606
_d52606